000 01204nam a2200217 i 4500
001 96767
003 ES-MaACL
005 20250928102045.0
007 t|
008 050630s1918 sp ||||1| spa d
100 1 _aManero, Antonio.
_975983
245 1 0 _aMéxico y solidaridad americana
_b: la doctrina Carranza /
_cAntonio Manero.
260 _aMadrid :
_bEditorial América,
_c1918.
300 _a244 p. ;
_c19 cm.
505 8 _aContiene: Conceptos de don Venustiano Carranza.--Carranza y el México nuevo (conferencia pronunciada en el Instituto histórico y geogránco brasilero)--México y sus leyes (conferencia pronunciada en el Colegio de abogados de Lima)-- Las organizaciones bancarias y el caso de México (conferencia pronuniada en la Biblioteca nacional de Chile)--México y la solidaridad americana (conferencial pronunciada en la Facultad de ciencias económicas de la Universidad de Buenos Aires)--Discurso pronunciada ante la tumba de Bolívar.--Nota.
600 1 4 _aCarranza, Venustiano,
_d1859-1920
_935508
600 1 4 _aBolívar, Simón,
_d1783-1830
_929964
651 4 _aMéxico-
_xHistoria-
_z1910-1946.
_99066
852 _aES-MaACL
_jF-4515
999 _c96767
_d96767